| 000 | 00888nam a22002057a 4500 | ||
|---|---|---|---|
| 003 | OSt | ||
| 005 | 20170608093033.0 | ||
| 008 | 150408b2011 slv spa | ||
| 040 | _cBMC | ||
| 082 | _a630 | ||
| 100 | 1 |
_934628 _aMenéndez Castaneda, Alma Beatriz |
|
| 245 | 1 | 0 |
_aPasantía en Fundación Salvadoreña para Investigaciones El Café (PROCAFE) _b: Informe final _cAlma Beatriz Menéndez Castaneda |
| 260 |
_aSanta Ana (El Salvador) _bUniversidad Católica de El Salvador _c2011 |
||
| 300 |
_a58 h. _bil. col. _c28 cm _e+ 1 disco compacto |
||
| 500 | _aPrecede al tít.: Universidad Católica de El Salvador, Facultad de Ingeniería y Arquitectura | ||
| 502 | _aTrabajo de graduación para optar título de Ingeniero agrónomo | ||
| 650 | 2 | 4 |
_925051 _aAgronomía |
| 710 | 2 |
_91166 _aUniversidad Católica de El Salvador _bFacultad de Ingeniería y Arquitectura |
|
| 942 |
_2ddc _cTG |
||
| 999 |
_c21137 _d21137 |
||